Basic course in real analysis (Record no. 755014)

MARC details
000 -LEADER
fixed length control field 00443nam a22001697a 4500
020 ## - INTERNATIONAL STANDARD BOOK NUMBER
ISBN 9781498774789
100 ## - MAIN ENTRY--AUTHOR NAME
Personal name Ajit Kumar
245 ## - TITLE STATEMENT
Title Basic course in real analysis
260 ## - PUBLICATION, DISTRIBUTION, ETC. (IMPRINT)
Place of publication Boca Raton
Name of publisher CRC press
Year of publication 2022
300 ## - PHYSICAL DESCRIPTION
Number of Pages xix+302
650 ## - SUBJECT ADDED ENTRY--TOPICAL TERM
Topical Term Mathematical analysis
650 ## - SUBJECT ADDED ENTRY--TOPICAL TERM
Topical Term Infinite series
650 ## - SUBJECT ADDED ENTRY--TOPICAL TERM
Topical Term Riemann integral
700 ## - ADDED ENTRY--PERSONAL NAME
Personal name Kumaresan, S
942 ## - ADDED ENTRY ELEMENTS (KOHA)
Source of classification or shelving scheme Dewey Decimal Classification
Koha item type Book
Holdings
Withdrawn status Lost status Source of classification or shelving scheme Damaged status Not for loan Collection code Home Library Current Location Shelving location Date acquired Source of acquisition Cost, normal purchase price Full call number Accession Number Price effective from Koha item type
    Dewey Decimal Classification     Gift or donation Dept. of Mathematics Dept. of Mathematics General Stacks 08/01/2026 Donated by Dr. Krishna Kumar G on the completion of SERB sponsored project (UO. No: Ad.F1/1373/2021 dated 22/01/2024) 695.00 515..8 KUM-B MATG245 13/01/2026 Book